| 000 | 01118cab a2200313 4500 | ||
|---|---|---|---|
| 001 | ABS50006 | ||
| 008 | 090401t1994 xxu||||| |||| 00| 0 eng d | ||
| 035 | _a(Sirsi) u73616 | ||
| 041 | _aeng | ||
| 100 | _aKitson, T. | ||
| 245 | 2 | _aA burning issue? Planning controls, pollution controls and waste incineration | |
| 260 | _c1994 | ||
| 350 | _a0 | ||
| 490 |
_aJournal of Planning and Environment Law _vJanuary 1994, 3-7(5) |
||
| 520 | _aExamines the relationship between planning and pollution codes as they affect the development of land for the incineration of waste in the light of the decision "Gateshead MBC v SoS Environment and Northumbrian Water Group plc". | ||
| 650 | _aEC DIRECTIVES | ||
| 650 | _aENVIRONMENTAL PROTECTION ACT 1990 | ||
| 650 | _aHAZARDOUS WASTE | ||
| 650 | _aINTEGRATED POLLUTION CONTROL | ||
| 650 | _aPLANNING CONTROL | ||
| 650 | _aPOLLUTION CONTROL | ||
| 650 | _aTOWN AND COUNTRY PLANNING ACT 1990 | ||
| 650 | _aWASTE DISPOSAL | ||
| 650 | _aWASTE INCINERATION | ||
| 690 | _aPLANNING LAW AND PRACTICE | ||
| 700 | _aHarris, R. | ||
| 942 | _n0 | ||
| 948 | _c04/03/1997 | ||
| 999 |
_c46499 _d46499 |
||